Music Quiz

Random Music or Song Quiz

Lyric Pop Quiz Stats

 Plays Quiz Updated Jun 14, 2018

Score 0/50 Timer 12:00
16 Plays Today
Hint Song Title % Correct
Aretha Franklin sure can S-P-E-L-LRespect
86.4%
The Eagles sang about this hotel - does it even exist?Hotel California
83.2%
'I can't get no'Satisfaction
81.8%
Young man, are you listening to me? This is the Village People's favourite place to stay!YMCA
80.5%
Elvis' favourite type of canineHound Dog
80.1%
'...is not my lover, She's just a girl who claims that I am the one'Billie Jean
74.5%
'Mama, just killed a man, put a gun against his head...'Bohemian Rhapsody
74.1%
Dolly Parton works these hours9 to 5
73.5%
'I see skies of blue'What a Wonderful World
72.4%
To the Beatles, on this day all their troubles seemed so far awayYesterday
71.7%
We're gonna party like its ...1999
71%
Lynyrd Skynyrd liked this state so much, they sang a song about itSweet Home Alabama
70.9%
For the B-52's, this was a little old place where we could get togetherLove Shack
69.7%
Don McLean song or Jason Biggs movieAmerican Pie
69.6%
I bet you think this song is about you, don't you?You're so Vain
69.3%
'I've got sunshine on a cloudy day'My Girl
68.2%
AC/DC sang about this expresswayHighway To Hell
67.6%
'You may say I'm a dreamer, but I'm not the only one'Imagine
67.5%
'Ooh see that girl, watch that scene, Diggin' the ...'Dancing Queen
64.8%
Gloria Gaynor plans to do this instead of giving up and dyingI Will Survive
62%
'I thought love was only true in fairy tales, meant for someone else but not for me'I'm a Believer
61.7%
'That's me in the corner, that's me in the spotlight...'Losing My Religion
61.1%
Blender voted this Billy Ray Cyrus song the second worst song ever, I wonder if Miley would agree...Achy Breaky Heart
60.9%
Jimmy Buffett is wasted away again hereMargaritaville
58.5%
'Well, we’re all in the mood for a melody, And you’ve got us feelin’ alright'Piano Man
57.7%
Hint Song Title % Correct
The Bee Gees are pretty good at this, despite the fact Gibb died some years agoStayin' Alive
57.4%
In this Van Morrison song, the lyrics 'making love in the green grass' were changed to 'laughin' and a-runnin'' for radioBrown Eyed Girl
56.4%
Better watch every step you take 'cause The Police are watching youEvery Breath You Take
55.2%
You can do this to Bill Withers, when you're not strongLean On Me
54.4%
Destiny's Child has so many of these to pay, they had to say it three times in the titleBills, Bills, Bills
54%
Rick James said she was a very kinky girl and decide to sing a song describing her as thisSuper Freak
52.9%
'Sittin' in the mornin' sun, I'll be sittin' when the evenin' come'(Sittin on) the Dock of the Bay
52.6%
This Eric Clapton song was written about the pain he felt after the death of his four year old sonTears in Heaven
49.6%
'My gift is my song'Your Song
47.6%
Rod Stewart sang of many girls, but only this one lured him away from homeMaggie May
44.6%
Tracy Chapman says you got one of theseFast Car
42.7%
Culture Club asked this question, and yes, yes I doDo You Really Want to Hurt Me
40.9%
The only one who could ever reach Dusty SpringfieldSon of a Preacher Man
40.3%
She packed his bags last night pre-flightRocket Man
39.5%
Lionel Richie, on a Sunday morningEasy
39.1%
Blender voted this Starship song as the worst song of all timeWe Built This City
30.9%
'I've never seen you looking so lovely as you did tonight, I've never seen you shine so bright'Lady in Red
30.9%
Gladys Knight and the Pips are All Aboard!Midnight Train to Georgia
30.8%
Marvin Gaye asked this question to his 'brother, brother, brother...'What's Going On
30.6%
Patsy Cline was a musical genius, but at the same time she was thisCrazy
29.4%
Tom Jones and Carlton from the Fresh-Prince of Bel-Air, need I say more?!It's Not Unusual
27.2%
'So take a good look at my face, you'll see my smile looks out of place'Tracks of My Tears
26.4%
This Joni Mitchell song is the only one I know that mentions DDT (a pesticide that apparently removes spots on apples)Big Yellow Taxi
25.6%
'I'm, I'm so in love with you, Whatever you want to do, Is alright with me'Let's Stay Together
13.3%
Sam Cooke was born by the river in a little tentA Change is Gonna Come
8.1%

You're not logged in!

Compare scores with friends on all Sporcle quizzes.
OR
Log In

Sporcle TV

Today on Sporcle TV


Watch our educational content, quiz creation guides, and fun videos on Sporcle TV.

Show Comments

Extras

Top Quizzes Today


Score Distribution

Your Account Isn't Verified!

In order to create a playlist on Sporcle, you need to verify the email address you used during registration. Go to your Sporcle Settings to finish the process.

Report this User

Report this user for behavior that violates our Community Guidelines.

Details: